ბათუმის შოთა რუსთაველის სახელმწიფო უნივერსიტეტის ბიბლიოთეკა

Complex Analysis. (ბიბ.ჩანაწერი № 35507)

000 -LEADER
fixed length control field 00440nam a2200205Ia 4500
001 - CONTROL NUMBER
control field 1368
003 - CONTROL NUMBER IDENTIFIER
control field GE_BSU
008 - FIXED-LENGTH DATA ELEMENTS--GENERAL INFORMATION
fixed length control field 181216s||||||||xx |||||||||||||| ||und||
020 ## - INTERNATIONAL STANDARD BOOK NUMBER
International Standard Book Number 9780387950693
040 ## - CATALOGING SOURCE
Transcribing agency GE_BSU
080 ## - UNIVERSAL DECIMAL CLASSIFICATION NUMBER
Universal Decimal Classification number 517
100 ## - MAIN ENTRY--PERSONAL NAME
Personal name Gamelin, W Theodore.
245 ## - TITLE STATEMENT
Title Complex Analysis.
260 ## - PUBLICATION, DISTRIBUTION, ETC.
Place of publication, distribution, etc. San Francisco.
260 ## - PUBLICATION, DISTRIBUTION, ETC.
Date of publication, distribution, etc. 2001.
300 ## - PHYSICAL DESCRIPTION
Extent 480 c.
653 ## - INDEX TERM--UNCONTROLLED
Uncontrolled term Complex Analysis.
942 ## - ADDED ENTRY ELEMENTS (KOHA)
Koha item type წიგნი
ეგზემპლარები
Withdrawn status Lost status Damaged status Not for loan Date acquired Barcode Date last seen Price effective from Koha item type Public note
        2018-12-17 2609 2018-12-17 2018-12-17 წიგნი არბაზი
        2018-12-17 2610 2018-12-17 2018-12-17 წიგნი დარბაზი